1976 1006 1162 1394 1215 1664 1398 1309 1504 1902 1285 1157 1526 1950 1902 1678 1556 2000 1683 1225 1956 1945 1672 1339 1873 1767 1112 1655 1344 1323 1237 1122 1685 1511 1516 1266 1625 1824 1464 1473 1404 1495 1164 1154 1754 1755 1478 1784 2000 1531 1030 1987 1007 1953 1975 1809 1666 1896 1454 1339 1528 1199 1972 1169 1277 1487 1497 1963 1284 1978 1342 1638 1090 1839 1584 1752 1271 1116 1934 1213 1987 1518 1173 1990 1397 1717 1753 1746 1888 1387 1762 1583 1090 1274 1986 1234 1186 1456 1233 BCNSPRNW ULIB Ver.6.0+V

เปลี่ยนเป็นภาษาไทย

Change to English
 แสดงรายละเอียดบรรณานุกรม
  กลับหน้าหลัก

Brief Record : Get Marc (ISO 2709) : E-mail record : QR code < ปิดหน้าต่าง
LEADER : 00000nam 2200000uu 4500
001    13399124068
003     ULIB
008    150109s2556||||th 000 0 tha d
020    ^a9786162793707
060  4 ^aWE258^bน811
100 0  ^aอภิชาติ อัศวมงคลกุล,^eบรรณาธิการ
245 00 ^aเนื้องอกกระดูกและเนื้อเยื่ออ่อน /^cบรรณาธิการ ; อภิชาติ อัศวมงคลกุล
250    ^aพิมพ์ครั้งที่ 1
260    ^aกรุงเทพฯ :^bโครงการตำรา-ศิริราช คณะแพทยศาสตร์โรงพยาบาลรามาธิบดี มหาวิทยาลัยมหิดล,^c2556.
300    ^a590หน้า :^bภาพประกอบ
650  7 ^aกระดูก^xการรักษา
650  7 ^aมะเร็งเนื้อเยื่อ
650  7 ^aมะเร็งกระดูก
710 1  ^aมหาวิทยาลัยมหิดล.^bคณะแพทยศาสตร์โรงพยาบาลรามาธิบดี.^bโครงการตำรารามาธิบดี.
945    ^p1800^l0^i038065
945    ^p1800^l0^i038066
945    ^p1800^l0^i038067
999    ^aเกษร โพธิ์สุวรรณ
รายการนี้ยังไม่มีแท็ก
คุณยังไม่ได้ล็อกอิน คุณสามารถมีกิจกรรมร่วมกับเว็บไซต์ได้ แต่ต้องล็อกอินก่อน ::
  ล็อกอิน

รายการสื่อสารสนเทศ

ลำดับที่ ประเภท เลขเรียก/บาร์โค้ด สถานที่ สถานะ
1. วิทยาศาสตร์การแพทย์ และสุขภาพ
หนังสือสำรอง
สถานะ=หนังสือสำรอง
WE258 น811 ฉ.1 
  Barcode: 038065
ห้องสมุดวิทยาเขตสวรรค์ประชารักษ์
►ส่วนจัดเก็บหนังสือเก่า สปร
บนชั้น
  ขอยืม
2. วิทยาศาสตร์การแพทย์ และสุขภาพ
วิทยาศาสตร์การแพทย์ และสุขภาพ
WE258 น811 ฉ.2 
  Barcode: 038066
ห้องสมุดวิทยาเขตสวรรค์ประชารักษ์
►ส่วนจัดเก็บหนังสือเก่า สปร
บนชั้น
  ขอยืม
3. วิทยาศาสตร์การแพทย์ และสุขภาพ
วิทยาศาสตร์การแพทย์ และสุขภาพ
WE258 น811 ฉ.3 
  Barcode: 038067
ห้องสมุดวิทยาเขตสวรรค์ประชารักษ์
►ส่วนจัดเก็บหนังสือเก่า สปร
บนชั้น
  ขอยืม

รายการใกล้เคียง
    หัวเรื่อง [มะเร็งเนื้อเยื่อ]
    หัวเรื่อง [มะเร็งกระดูก]

BibComment


ยังไม่เคยถูกคอมเมนท์

คอมเมนท์ทรัพยากรรายการนี้
  คอมเมนท์: เนื้องอกกระดูกแล..


 Copyright 2026. Bcnsprnw @Library